| 000 | 00446nam a2200133Ia 4500 | ||
|---|---|---|---|
| 008 | 191108s9999 xx 000 0 und d | ||
| 020 | _a971-834-092-0 | ||
| 100 | _aBlanchard, Ken | ||
| 245 |
_cKen Blanchard.-- _aThe heart of a leader: _bInsights on the art of influence / |
||
| 260 |
_aPhilippines : _bLighthouse Inspirational Book & Gifts _c2003. |
||
| 300 |
_a157 pages : _c16 cm. |
||
| 650 | _a Leadership. | ||
| 650 | _aIndustrial management. | ||
| 999 |
_c362563 _d362563 |
||